000
00279 a2200121 4500
000
nam a22 7a 4500
005
20260209100613.0
020
_a
9789360869847
100
_a
Nirmal Verma
_9
1114429
245
_a
Parinde
260
_b
Rajkamal Prakashan
_c
2024
942
_c
TEXL
999
_c
1678969
_d
1678969